Ballroom Dances (Competitive) Quiz Stats

 Plays Quiz Updated Jan 30, 2019

Support Sporcle.
Go Orange.
Score 0/10 Timer 03:00
0 Plays Today
Dance % Correct
Waltz
90.1%
Tango
84.8%
Foxtrot
67%
Jive
58.1%
Cha-cha-cha
57.7%
Rumba
54.4%
Samba
50.5%
Quickstep
45.3%
Paso Doble
28.8%
Viennese Waltz
26.3%

From the Vault

Close-Up Movie Posters VI

by NewCompanion

Movies 5m
Don't worry, this is nothing at all like sitting in the front row of the movie theater.
Remove Ads.
Support Sporcle.
Get the best of Sporcle when you Go Orange. This ad-free experience offers more features, more stats, and more fun while also helping to support Sporcle. Thank you for becoming a member.

Show Comments

Extras

Top Quizzes Today


Score Distribution

Your Account Isn't Verified!

In order to create a playlist on Sporcle, you need to verify the email address you used during registration. Go to your Sporcle Settings to finish the process.

Report this User

Report this user for behavior that violates our Community Guidelines.

Details: